00265pab a2200097 454500008003600000100001900036245004200055650001400097700002100111773003500132180718b xxu||||| |||| 00| 0 eng d aSingh, Anup K. aProfessional perspective on democracy aDemocracy aMisra, Girishwar aMonthly Public Opinion Surveys